000 00566nam a22001697a 4500
005 20251108165154.0
008 250721s2007 xx 000 0 ara d
082 1 4 _a153.1/لور
100 1 _aلورين، هاري
_eمؤلف
245 1 0 _aالدليل الكامل للتحكم في الذاكرة : طريقة تنظيم قوة عقلك و تطويرها /
264 1 _aالرياض :
_bمكتبة جرير،
_c2007.
300 _a436ص.
650 1 7 _aعلم النفس الفسيولوجي
650 1 7 _aالذاكره
942 _2ddc
_cBK
999 _c21256
_d21256